<?xml version='1.0' encoding='UTF-8'?>
  <record xmlns="http://www.loc.gov/MARC21/slim">
    <leader>00000cam a2200000 i 4500</leader>
    <controlfield tag="001">ocm67578057</controlfield>
    <controlfield tag="003">OCoLC</controlfield>
    <controlfield tag="005">20251021164228.7</controlfield>
    <controlfield tag="008">000727s1784    ne            000 0 dut d</controlfield>
    <datafield tag="040" ind1=" " ind2=" ">
      <subfield code="a">NLGGC</subfield>
      <subfield code="b">dut</subfield>
      <subfield code="e">fobidrtb</subfield>
      <subfield code="c">NLGGC</subfield>
      <subfield code="d">OCLCQ</subfield>
      <subfield code="d">L2U</subfield>
      <subfield code="d">OCLCL</subfield>
      <subfield code="d">OCLCQ</subfield>
    </datafield>
    <datafield tag="029" ind1="1" ind2=" ">
      <subfield code="a">NLGGC</subfield>
      <subfield code="b">092785018</subfield>
    </datafield>
    <datafield tag="035" ind1=" " ind2=" ">
      <subfield code="a">(OCoLC)67578057</subfield>
    </datafield>
    <datafield tag="060" ind1="1" ind2="4">
      <subfield code="a">18th c</subfield>
    </datafield>
    <datafield tag="084" ind1=" " ind2=" ">
      <subfield code="a">44.75</subfield>
      <subfield code="2">bcl</subfield>
    </datafield>
    <datafield tag="100" ind1="1" ind2=" ">
      <subfield code="a">Geuns, Matthias van.</subfield>
    </datafield>
    <datafield tag="245" ind1="1" ind2="3">
      <subfield code="a">De heerschende persloop, (dysenteria epidemica) die in de laatste jaaren, vooral in 1783. de provincie van Gelderland fel getroffen heeft, nagespoord, inzonderheid op het quartier van Veluwen, en ten gemeenen nutte verhandeld /</subfield>
      <subfield code="c">door Matthias van Geuns ... ; met een aanhangsel en bylage.</subfield>
    </datafield>
    <datafield tag="260" ind1=" " ind2=" ">
      <subfield code="a">Harderwijk :</subfield>
      <subfield code="b">J. Moojen, en te Amsterdam, bij W. Holtrop,</subfield>
      <subfield code="c">1784.</subfield>
    </datafield>
    <datafield tag="300" ind1=" " ind2=" ">
      <subfield code="a">16, 300, [2] p. ;</subfield>
      <subfield code="c">8-o</subfield>
    </datafield>
    <datafield tag="650" ind1=" " ind2="7">
      <subfield code="a">44.75 infectious diseases, parasitic diseases.</subfield>
      <subfield code="0">(NL-LeOCL)077612876</subfield>
      <subfield code="2">bcl</subfield>
    </datafield>
    <datafield tag="650" ind1="1" ind2="7">
      <subfield code="a">Dysenterie.</subfield>
      <subfield code="2">gtt</subfield>
      <subfield code="0">(NL-LeOCL)078491258</subfield>
    </datafield>
    <datafield tag="650" ind1="1" ind2="7">
      <subfield code="a">Epidemieën.</subfield>
      <subfield code="2">gtt</subfield>
      <subfield code="0">(NL-LeOCL)078498244</subfield>
    </datafield>
    <datafield tag="651" ind1=" " ind2="7">
      <subfield code="a">Gelderland.</subfield>
      <subfield code="2">gtt</subfield>
      <subfield code="0">(NL-LeOCL)089791827</subfield>
    </datafield>
    <datafield tag="758" ind1=" " ind2=" ">
      <subfield code="a">De heerschende persloop (dysenteria epidemica) die in de laatste jaaren, vooral in 1783 de provincie van Gelderland fel getroffen heeft, nagespoord, inzonderheid op het quartier van Veluwen, en ten gemeenen nutte verhandeld (Text)</subfield>
      <subfield code="1">https://id.oclc.org/worldcat/entity/E39PCGMvhjdFpXCHXMgXHfF4YP</subfield>
      <subfield code="4">https://id.oclc.org/worldcat/ontology/hasWork</subfield>
    </datafield>
    <datafield tag="936" ind1=" " ind2=" ">
      <subfield code="a">BATCHLOAD</subfield>
    </datafield>
  </record>